Представление документа в формате MARC21

ПолеНазваниеЗначение
  Тип записи a
  Библиографический уровень m
001 Контрольный номер RU\infra-m\znanium\bibl\2006884
005 Дата корректировки 20240827142122.2
008 Кодируемые данные 240408s2024 RU g rus u
020 Индекс ISBN __
a ISBN 978-5-16-013352-2
020 Индекс ISBN __
a ISBN 978-5-16-106473-3 (электр. издание)
040 Источник каталогиз. __
a Служба первич. каталог. Общество с ограниченной ответственностью «ЗНАНИУМ»
041 Код языка издания __
a Код языка текста rus
044 Код страны публикации __
a Код страны публикации RU
080 Индекс УДК __
a Индекс УДК 631.1(075.8)
084 Индекс другой классификации/Индекс ББК __
2 Источник индекса rubbk
a Индекс другой классификации/Индекс ББК 65.32я73
084 Индекс другой классификации/Индекс ББК __
2 Источник индекса okso
a Индекс другой классификации/Индекс ББК 35.03.04
100 Автор __
a Автор Тушканов М. П.
q Полное имя Тушканов Михаил Павлович
u Дополнение Российский государственный аграрный университет - МСХА им. К.А. Тимирязева
245 Заглавие __
a Заглавие Организация производства и предпринимательство в АПК: практикум
b Продолж. заглавия Учебное пособие
c Ответственность Российский государственный аграрный университет - МСХА им. К.А. Тимирязева; Российский государственный аграрный университет - МСХА им. К.А. Тимирязева
250 Сведения об издании __
a Основные сведения об издании 1
260 Выходные данные __
a Место издания Москва
b Издательство ООО "Научно-издательский центр ИНФРА-М"
c Дата издания 2023
300 Физическое описание __
a Объем 307 с.
440 Серия __
a Серия Высшее образование: Бакалавриат
520 Аннотация __
a Аннотация Практикум поможет студентам закрепить теоретические знания в том числе изложенные в учебнике «Организация производства и предпринимательство в АПК». Большое внимание в практикуме уделено методике выполнения расчетов по обоснованию конкретных мероприятий по рациональной организации производства в отраслях растениеводства. Практикум призван развить навыки студентов решать такие вопросы как распределение прибыли установление норм выработки расчеты по оплате труда составление технологической карты анализ хозяйственной деятельности принятие предпринимательских решений и др. Соответствует требованиям Федеральных государственных образовательных стандартов высшего образования последнего поколения. Для студентов агрономических технологических и экономических факультетов аграрных вузов направления подготовки 35.03.04 «Агрономия» а также для специалистов сельскохозяйственных предприятий аспирантов и стажеров.
521 Примеч. о цел. назн. __
a Примеч. о целев. назн. ВО - Бакалавриат
650 Тематические рубрики __
a Основная рубрика Экономика. Бухгалтерский учет. Финансы
x Основная подрубрика Экономика сельского хозяйства
655 Указ. предметных рубрик (устаревшее) __
a Жанр/ форма (устаревшее) Учебное пособие
700 Другие авторы __
a Другие авторы Черевко Л.Д.
q Полное имя Черевко Людмила Дмитриевна
u Дополнение Российский государственный аграрный университет - МСХА им. К.А. Тимирязева
700 Другие авторы __
a Другие авторы Винничек Л.Б.
q Полное имя Винничек Любовь Борисовна
u Дополнение Санкт-Петербургский государственный аграрный университет
856 Электронный адрес документа 4_
a Имя сервера/домена znanium.ru
m Помощь ebs_support@infra-m.ru
n Местонахождение сервера НИЦ ИНФРА-М
u URL https://znanium.ru/catalog/document?id=445013
856 Электронный адрес документа 48
a Имя сервера/домена znanium.ru
d Путь /cover/2006
f Электронное имя 2006884.jpg
q Тип электронного формата image/jpeg
u URL https://znanium.ru/cover/2006/2006884.jpg
911 __
u 0030=https://znanium.ru/catalog/document?id=445013
911 __
u 712a=Российский государственный аграрный университет - МСХА им. К.А. Тимирязева